Los símbolos cronotópicos en la narratíva de Borges

Gespeichert in:
Bibliographische Detailangaben
1. Verfasser: Tužinská, Sofia, 1973-
Format: Buchkapitel
Sprache:Spanisch
Tags: Tag hinzufügen
Keine Tags, Fügen Sie das erste Tag hinzu!

MARC

LEADER 00000naa$a2200000$$$4500
001 0219507
005 20240502073621.7
041 0 |a spa 
044 |a SK 
245 1 0 |a Los símbolos cronotópicos en la narratíva de Borges  |c Sofia Tužinská 
100 1 |a Tužinská, Sofia, 1973-